000 00498nam a2200217Ia 4500
003 OSt
005 20220928143811.0
006 a|||||r|||| 00| 0
007 ta
008 220927b |||||||| |||| 00| 0 eng d
024 _a23156
037 _cTextual
040 _aSDCL
_cSDCL
_beng
041 _2eng
_aeng
082 _aQ1x, L7
100 _aKrishan Lal
245 0 _aVedic sangrah.
260 _c1977
942 _hQ1x, L7
_cTEXL
_2CC
999 _c825102
_d825102